Southville International School and Colleges
Your cart is empty.
  • Cart
  • Lists
    Public lists Eva Luna New books Lux_list list_1
    Your lists Log in to create your own lists
  • Log in to your account
  • Your cookies
  • Search history
Southville International School and Colleges
  • Advanced search
  • Recent comments
  • Most popular
  • Libraries

Log in to your account

Log in with GOOGLE


If you do not have an external account, but do have a local account, you can still log in:

  1. Home
  2. MARC view: Grammar and composition 1 /
Normal view MARC view ISBD view

Grammar and composition 1 / (Record no. 361882)

[ view plain ]
MARC details
000 -LEADER
fixed length control field 00443nam a22001577a 4500
003 - CONTROL NUMBER IDENTIFIER
control field SISC
005 - DATE AND TIME OF LATEST TRANSACTION
control field 20190611132043.0
008 - FIXED-LENGTH DATA ELEMENTS--GENERAL INFORMATION
fixed length control field 190611b xxu||||| |||| 00| 0 eng d
020 ## - INTERNATIONAL STANDARD BOOK NUMBER
International Standard Book Number 971-08-4280-3
050 ## - LIBRARY OF CONGRESS CALL NUMBER
Classification number PE 1112
Item number .P171 1989
100 ## - MAIN ENTRY--PERSONAL NAME
Relator code Palma, Jesus C.
9 (RLIN) 1
245 ## - TITLE STATEMENT
Title Grammar and composition 1 /
Statement of responsibility, etc Jesus c. Palma, Martha a. Mogol.--
260 ## - PUBLICATION, DISTRIBUTION, ETC. (IMPRINT)
Place of publication, distribution, etc Pasay City :
Name of publisher, distributor, etc Anvil Publising
Date of publication, distribution, etc 1989.
650 ## - SUBJECT ADDED ENTRY--TOPICAL TERM
Source of heading or term Grammar.
9 (RLIN) 1
942 ## - ADDED ENTRY ELEMENTS (KOHA)
Source of classification or shelving scheme Library of Congress Classification
Koha item type Books
Holdings
Withdrawn status Lost status Source of classification or shelving scheme Damaged status Home library Current library Shelving location Date acquired Source of acquisition Sub Shelving location Total Checkouts Full call number Barcode Date last seen Price effective from Koha item type
    Library of Congress Classification   College Library College Library Filipiniana Section 02/11/2003 Donation     PE 1112 .P171 1989 C2175 06/11/2019 06/11/2019 Books

Grammar and composition 1 /

APA

(1989). Grammar and composition 1. Pasay City: Anvil Publising.

Chicago

1989. Grammar and composition 1. Pasay City: Anvil Publising.

Harvard

(1989). Grammar and composition 1. Pasay City: Anvil Publising.

MLA

Grammar and composition 1. Pasay City: Anvil Publising. 1989.

  • Place hold
  • Print
  • Cite
  • Add to your cart (remove)
  • Save record
    BIBTEX Dublin Core MARCXML MARC (non-Unicode/MARC-8) MARC (Unicode/UTF-8) MARC (Unicode/UTF-8, Standard) MODS (XML) RIS
  • More searches
    Search for this title in:
    Other Libraries (WorldCat) Other Databases (Google Scholar) Online Stores (Bookfinder.com) Open Library (openlibrary.org)

Exporting to Dublin Core...

SOUTHVILLE LIBRARY

Southville International School and Colleges Library

1281 Tropical Ave. Cor. Luxembourg St., BF Homes International, Las Pinas City

Tel. No. 8256374 / 252358 Loc. 117/146

Powered by Koha